000 00772nam a2200241 i 4500
001 bg
100 1 _aWESTA, Maria
245 1 0 _aAnaliza ekonometryczna i prognozowanie z użyciem pakietu Microfit 4.0 for Windows /
_cMaria Westa.
260 _aOlsztyn :
_bWydaw. Uniwersytetu Warmińsko-Mazurskiego,
_c2003.
300 _a217 s. :
_bil. ;
_c24 cm.
504 _aBibliogr.
650 9 _aMicrofit
650 9 _aEkonometria
_xautomatyzacja
655 _aPodręczniki akademickie
020 _a8372992452
040 _cBPK
041 0 _apol
080 _a004.42:519.86:330.43:330.47](075.8)
920 _a83-7299-245-2
942 _cKS
008 s pl f |000 0 pol
999 _c43420
_d43420
856 _uhttp://koha.tu.koszalin.pl/cgi-bin/koha/opac-detail.pl?biblionumber=43420
_yKatalog online BPK